| 000 | 00904nam a2200217Ia 4500 | ||
|---|---|---|---|
| 003 | OSt | ||
| 005 | 20200724182439.0 | ||
| 008 | 191128s2013 ck gr 000 0 spa d | ||
| 020 | _a958702013 | ||
| 040 |
_aCO-JMCR _cCO-JMCR |
||
| 041 | 0 | _aspa | |
| 082 | 0 | 4 |
_a331.252 / _bC827p _223 |
| 110 | 1 |
_aCorte Constitucional _97799 |
|
| 245 | 1 | 0 |
_aPensiones : extractos de tutelas : _bcorte constitucional / _cCorte Constitucional |
| 260 |
_aMedellín : _bLibrería Jurídica Sánchez, _c2013. |
||
| 300 |
_a405 páginas ; _c 24 cm + 1 CD. |
||
| 505 | 0 | _aAcceso a pensión de invalidez. Pérdida de capacidad laboral valorada en 69.8%. Procedencia excepcional de la acción tutela para el reconocimiento de la pensión de invalidez. Derecho al mínimo vital y a la subsistencia digna. Tránsito legislativo | |
| 650 | 1 | 4 |
_aPensiones a la vejez _95929 |
| 650 | 2 | 4 |
_aPensiones vitalicias _97800 |
| 942 |
_2ddc _cBK |
||
| 999 |
_c5654 _d5654 |
||